[Event "HUN-chT2 Toth 0304"]
[Site "Hungary"]
[Date "2003.11.16"]
[Round "3"]
[White "Toth, Imre"]
[Black "Motyan, Pal"]
[Result "1-0"]
[WhiteElo "2121"]
[BlackElo "2001"]
[PlyCount "49"]
[EventDate "2003.09.28"]
[EventType "team"]
[EventRounds "11"]
[EventCountry "HUN"]
[SourceTitle "EXT 2009"]
[Source "ChessBase"]
[SourceDate "2008.11.26"]
[SourceVersion "1"]
[SourceVersionDate "2008.11.26"]
[SourceQuality "1"]
[WhiteTeam "Karcag"]
[BlackTeam "Szarvas"]
[WhiteTeamCountry "HUN"]
[BlackTeamCountry "HUN"]

1. e4 g6 2. d4 d6 3. f4 Bg7 4. Nf3 Nf6 5. Nc3 0-0 6. Bc4 a6 7. a4 b6 8. 0-0 c5 9. e5 dxe5 10. fxe5 Ng4 11. h3 cxd4 12. Qe2 dxc3 13. hxg4 cxb2 14. Bxb2 e6 15. Ba3 Re8 16. Rad1 Qc7 17. Bd6 Qc6 18. Ng5 h6 19. Nxf7 Nd7 20. Bd3 Nf8 21. Be4 Qxa4 22. Bxa8 Bd7 23. Qf3 Bb5 24. Rf2 Nh7 25. Be4 1-0

[Event "HUN-chT2 Toth 0203"]
[Site "Hungary"]
[Date "2003.03.23"]
[Round "9"]
[White "Radics, Laszlo"]
[Black "Motyan, Pal"]
[Result "1-0"]
[WhiteElo "2097"]
[BlackElo "2028"]
[PlyCount "81"]
[EventDate "2002.09.22"]
[EventType "team"]
[EventRounds "11"]
[EventCountry "HUN"]
[SourceTitle "EXT 2009"]
[Source "ChessBase"]
[SourceDate "2008.11.26"]
[SourceVersion "1"]
[SourceVersionDate "2008.11.26"]
[SourceQuality "1"]

1. e4 g6 2. f4 d6 3. Nf3 Bg7 4. d4 Nf6 5. Bd3 0-0 6. 0-0 c5 7. c3 cxd4 8. cxd4 Qb6 9. Nc3 Bg4 10. Na4 Qxd4+ 11. Nxd4 Bxd1 12. Rxd1 Nbd7 13. Nf3 a6 14. Be3 b5 15. Nc3 Ng4 16. Bd2 Nc5 17. Bc2 Rac8 18. h3 Bxc3 19. bxc3 Nf6 20. Re1 Ncd7 21. Bb3 Nc5 22. Bc2 Ncd7 23. Rac1 Rc7 24. a4 bxa4 25. Bxa4 Nc5 26. Bc2 a5 27. Ra1 Ra8 28. Nd4 Rb7 29. c4 a4 30. e5 Ne8 31. Bc3 e6 32. Be4 Nxe4 33. Rxe4 dxe5 34. fxe5 Rb6 35. c5 Rba6 36. Nb5 a3 37. Ra2 Ra4 38. Rxa4 Rxa4 39. Rxa3 Rc4 40. Ra8 Kf8 41. Rxe8+ 1-0

[Event "HUN-chT2 Toth 0203"]
[Site "Hungary"]
[Date "2003.02.02"]
[Round "6"]
[White "Sari, Tibor"]
[Black "Motyan, Pal"]
[Result "1-0"]
[WhiteElo "2228"]
[BlackElo "2028"]
[PlyCount "101"]
[EventDate "2002.09.22"]
[EventType "team"]
[EventRounds "11"]
[EventCountry "HUN"]
[SourceTitle "EXT 2009"]
[Source "ChessBase"]
[SourceDate "2008.11.26"]
[SourceVersion "1"]
[SourceVersionDate "2008.11.26"]
[SourceQuality "1"]

1. c4 Nf6 2. Nc3 g6 3. g3 Bg7 4. Bg2 c5 5. d3 Nc6 6. e4 d6 7. h3 Rb8 8. Nge2 0-0 9. 0-0 a6 10. a4 Bd7 11. Be3 Qc8 12. Kh2 Nb4 13. Qd2 b5 14. axb5 axb5 15. cxb5 Bxb5 16. Nxb5 Rxb5 17. Nc3 Rb8 18. d4 cxd4 19. Bxd4 Nc6 20. Nd5 Nxd5 21. Bxg7 Kxg7 22. exd5 Ne5 23. f4 Nd7 24. Rfc1 Qd8 25. b4 Qb6 26. Rab1 Rfc8 27. Rc6 Qd8 28. Qc3+ Kg8 29. Rc1 Nb6 30. h4 Ra8 31. Qe3 Rcb8 32. Rc7 Kf8 33. h5 Nd7 34. Qc3 f6 35. Qc6 Nb6 36. h6 Qe8 37. Re1 Nc8 38. Qc3 g5 39. fxg5 Qh5+ 40. Kg1 Qxg5 41. Bh3 Ra7 42. Rxc8+ Rxc8 43. Qxc8+ Kf7 44. Be6+ Kg6 45. Qg8+ Kxh6 46. Qxg5+ Kxg5 47. b5 Rb7 48. Rb1 f5 49. b6 Kf6 50. Bc8 Rb8 51. b7 1-0

[Event "HUN-chT2 Toth 0203"]
[Site "Hungary"]
[Date "2003.01.19"]
[Round "5"]
[White "Telek, Gabor"]
[Black "Motyan, Pal"]
[Result "1-0"]
[WhiteElo "2119"]
[BlackElo "2028"]
[PlyCount "57"]
[EventDate "2002.09.22"]
[EventType "team"]
[EventRounds "11"]
[EventCountry "HUN"]
[SourceTitle "EXT 2009"]
[Source "ChessBase"]
[SourceDate "2008.11.26"]
[SourceVersion "1"]
[SourceVersionDate "2008.11.26"]
[SourceQuality "1"]

1. e4 g6 2. d4 Bg7 3. Nc3 d6 4. Be3 c6 5. Qd2 Nf6 6. f3 b5 7. 0-0-0 b4 8. Nb1 a5 9. g4 Ba6 10. Bh6 Bxh6 11. Qxh6 Bxf1 12. Rxf1 Kd7 13. Qd2 Na6 14. Nh3 h6 15. Nf4 g5 16. Nd3 Qb6 17. Ne5+ Ke8 18. Nc4 Qc7 19. e5 dxe5 20. dxe5 Rd8 21. Qe2 Nd5 22. Nbd2 Kf8 23. h4 Nf4 24. Qe4 Kg7 25. hxg5 hxg5 26. Qf5 f6 27. Ne4 Nd5 28. Nxg5 Nc5 29. Rh7+ 1-0

[Event "Erkel Memorial op"]
[Site "Gyula"]
[Date "1999.11.04"]
[Round "1"]
[White "Chetverik, Maxim"]
[Black "Motyan, Pal"]
[Result "1-0"]
[WhiteElo "2273"]
[BlackElo "2071"]
[PlyCount "61"]
[EventDate "1999.11.??"]
[EventType "swiss"]
[EventRounds "9"]
[EventCountry "HUN"]
[SourceTitle "EXT 2004"]
[Source "ChessBase"]
[SourceDate "2003.11.25"]
[SourceVersion "1"]
[SourceVersionDate "2003.11.25"]
[SourceQuality "1"]

1. d4 Nf6 2. c4 g6 3. Nf3 Bg7 4. g3 0-0 5. Bg2 d5 6. cxd5 Nxd5 7. 0-0 e6 8. e4 Ne7 9. Nc3 Nbc6 10. Be3 b6 11. Qd2 Ba6 12. Rfd1 Na5 13. b3 Rc8 14. Bh6 Nb7 15. h4 Qd6 16. h5 c5 17. Bxg7 Kxg7 18. e5 Qd8 19. Qf4 Nd5 20. h6+ Kg8 21. Nxd5 exd5 22. Ng5 cxd4 23. Bxd5 Qe7 24. Rxd4 Nc5 25. Rad1 Ne6 26. Bxe6 fxe6 27. Rd7 Qxd7 28. Qxf8+ Kxf8 29. Rxd7 Rc1+ 30. Kh2 Bb5 31. Nxh7+ 1-0